[Event "XXVII RUS-chT Women 2020"]
[Site "Sochi"]
[Date "2020.11.27"]
[Round "8.16"]
[White "Illina, Natalia"]
[Black "Absalyamova, Karina"]
[Result "1-0"]
[WhiteElo "2072"]
[BlackElo "1884"]
[Annotator "TA"]
[PlyCount "117"]
[EventDate "2020.11.19"]
[EventType "team-tourn"]
[EventCountry "RUS"]
[SourceTitle "playchess.com"]
[Source "ChessBase"]
[SourceQuality "1"]

{[%evp 17,117,-18,-10,-49,0,5,31,26,4,26,28,27,31,16,6,15,33,-2,0,0,0,-32,-15,-37,7,-21,7,-52,-58,-58,-31,-42,0,0,223,208,223,119,296,297,293,294,278,285,283,220,210,212,377,192,236,231,227,225,230,186,225,181,263,187,310,208,459,424,486,208,329,261,419,401,398,287,947,709,693,640,575,456,697,689,695,685,803,679,656,618,1955,1883,6854,10999,29980,29981,29980,29981,29987,29988,29988,29988,29989,29990,29990,29991]} 1. e4 e6 2. d3 d5 3. Nd2 Ne7 4. g3 g6 5. Bg2 Bg7 6. Ngf3 O-O 7. O-O c5 8. Re1 Nbc6 9. Qe2 b6 10. Nf1 {A08: King's Indian Attack.} Ba6 (10... e5 $15) 11. e5 $1 $11 Nf5 12. c3 {White is slightly better.} h6 13. h4 Kh7 14. Bf4 {[#]} Rc8 $146 ({Predecessor:} 14... b5 15. a3 Bb7 16. N1h2 a5 17. Bd2 b4 18. axb4 axb4 19. h5 g5 20. g4 Nfe7 21. Nf1 Qc7 22. d4 Ba6 {1-0 (22) Hernandez Leon,S (2106)-Garcia Rodriguez,P (1839) Santa Cruz 2016}) 15. Rad1 b5 {[%cal Bb6b5,Bb5b4][%mdl 32]} 16. N1h2 b4 17. h5 g5 18. Bc1 Qa5 19. g4 Nfe7 20. c4 Qc7 ({Don't play} 20... Qxa2 $6 21. Bxg5 $1 {[%mdl 512]} Qb3 22. Ra1 $16) 21. b3 Rcd8 22. Qc2 ({White should play} 22. Qe3 $11) 22... Kg8 $15 {[%cal Rc6e5]} 23. Bb2 d4 {[%cal Rc6e5]} 24. Qe2 Nc8 25. Bc1 Qe7 $2 (25... Rde8 $11) 26. Nxg5 $1 $18 Nxe5 {[#]} 27. f4 (27. Nh3 $1 $18) 27... f6 $2 {A mistake that costs the game.} (27... Nd7 $16 {is a better defense.}) 28. Nh3 ({Less strong is} 28. fxe5 fxg5 29. a3 bxa3 $11) 28... Nf7 29. Qxe6 Qxe6 30. Rxe6 Ncd6 31. Bd5 Bc8 32. Re7 Rfe8 $2 (32... Bd7 33. f5 Nc8) 33. Rde1 (33. Rc7 $142) 33... Kf8 34. Rxe8+ Rxe8 35. Rxe8+ Kxe8 36. Kf2 Ke7 37. Kg3 a6 (37... f5 $142 38. g5 Be6) 38. Nf3 Nd8 (38... f5 $142) 39. Nh4 Ne6 $2 (39... f5 {might work better.} 40. Ng6+ Kd7 41. Ne5+ Ke7 42. Ng6+ Ke8) 40. Ng6+ Kd7 41. Nf2 (41. Bxe6+ $142 Kxe6 42. f5+ Kf7 43. Bf4) 41... Nc7 (41... f5 $142 42. Nh4 Bf8) 42. Bf3 Ke6 $2 (42... Ne6 43. Ne4 a5) 43. Ne4 Nxe4+ 44. Bxe4 {Threatens to win with Bf5+.} Bd7 $2 (44... Kd6 45. f5 a5 46. Bf4+ Kd7) 45. Bf5+ Kd6 46. Bxd7 Kxd7 {[%mdl 4096] Endgame KBN-KBN} 47. Nh4 Ne6 (47... Ne8 $142 48. Nf5 Bf8) 48. Kf3 Bf8 49. Ke4 Bd6 50. Nf5 Bf8 51. Bd2 Ng7 52. Nxg7 Bxg7 {KB-KB} 53. Kf5 Ke7 54. Kg6 {White mates.} Bf8 55. f5 Kd6 56. Kf7 Be7 57. Bxh6 Bd8 58. Bf4+ Kd7 59. h6 {Weighted Error Value: White=0.37/Black=0.64} 1-0

[Event "XXVII RUS-chT Women 2020"]
[Site "Sochi"]
[Date "2020.11.27"]
[Round "8.17"]
[White "Protopopova, Anastasiya"]
[Black "Elnikova, Milena"]
[Result "1-0"]
[WhiteElo "2267"]
[BlackElo "1435"]
[Annotator "TA"]
[PlyCount "99"]
[EventDate "2020.11.19"]
[EventType "team-tourn"]
[EventCountry "RUS"]
[SourceTitle "playchess.com"]
[Source "ChessBase"]
[SourceQuality "1"]

{[%evp 13,99,27,55,60,109,112,115,108,117,108,114,111,129,119,247,226,260,239,543,474,488,325,332,319,316,318,437,338,735,730,927,907,1166,1144,1137,1121,1028,518,524,535,518,500,544,543,670,633,597,522,588,581,618,541,515,538,499,466,463,451,541,560,576,581,577,575,575,574,704,704,784,601,1053,1045,1178,1778,1614,1379,960,927,29976,29977,29976,29977,29980,29981,29981,29981,29980,29972]} 1. d4 Nf6 2. c4 g6 3. Nc3 Bg7 4. e4 d6 5. h3 O-O 6. Be3 e5 7. d5 Ne8 8. g4 {E71: King's Indian: 4 e4 d6 5 h3.} f5 9. gxf5 gxf5 10. exf5 {White is better.} Bxf5 11. Nge2 Qh4 12. Ng3 Bg6 13. Qg4 Qe7 {[#]} (13... Qxg4 $16 14. hxg4 Nf6) 14. h4 $146 {[%cal Rh4h5] Black must now prevent h5.} ({Predecessor:} 14. Nce4 Nf6 15. Nxf6+ Qxf6 16. Be2 Na6 17. Ne4 Qf5 18. f3 b6 19. O-O-O Nc5 20. Qxf5 Bxf5 21. Ng3 Bg6 {½-½ (21) Martin-Blomberg,A Germany 1988}) 14... Qd7 15. Qd1 Nf6 $2 (15... c6 16. h5 Bf7) 16. h5 Bf7 {Black hopes to continue with ...Ng4.} 17. Bd3 Ng4 18. Bf5 Nxe3 19. fxe3 Qe7 20. Nce4 Nd7 $2 (20... Kh8 21. h6 Bf6) 21. Qg4 Nf6 22. Nxf6+ Qxf6 23. h6 {[%mdl 64] Pin} Bg6 24. hxg7 Qxg7 25. Bxg6 Qxg6 26. Qxg6+ hxg6 27. Ke2 Rf7 28. Rh6 Rg7 29. Rah1 {Hoping for Rh8+.} Kf7 30. Rh8 Rag8 31. Ne4 g5 32. Rf1+ Ke7 33. Rxg8 Rxg8 {[%mdl 4096] Endgame KRN-KR} 34. Rg1 g4 35. Rg3 c6 36. Nf2 cxd5 37. cxd5 Rc8 38. Kd2 Rc5 39. e4 a5 40. Rxg4 b5 41. Rg7+ Kd8 42. Ng4 Rc4 43. Nf6 Rd4+ 44. Kc2 Rc4+ 45. Kb1 Rc7 46. Rxc7 {White mates.} Kxc7 {[#]} 47. a4 $1 b4 (47... bxa4 48. Ka2) 48. Kc2 Kd8 49. Kd3 Ke7 50. Ng4 {Black got outplayed after the opening.  Weighted Error Value: White=0.32/Black=0.59} 1-0

[Event "XXVII RUS-chT Women 2020"]
[Site "Sochi"]
[Date "2020.11.27"]
[Round "8.18"]
[White "Gubernatorova, Lyudmila"]
[Black "Lysenko, Margarita"]
[Result "1-0"]
[WhiteElo "2200"]
[BlackElo "2237"]
[Annotator "TA"]
[PlyCount "85"]
[EventDate "2020.11.19"]
[EventType "team-tourn"]
[EventCountry "RUS"]
[SourceTitle "playchess.com"]
[Source "ChessBase"]
[SourceQuality "1"]

{[%evp 14,85,24,18,6,0,12,-4,38,10,58,48,64,-5,3,0,0,0,6,-26,-24,-58,-60,-104,-98,-79,29,31,20,40,31,23,23,28,35,31,39,26,29,33,129,42,52,45,60,60,170,150,202,150,201,155,228,212,437,206,1170,437,29992,587,587,562,558,582,579,582,578,581,568,567,556,585,544,537]} 1. d4 Nf6 2. c4 e6 3. Nf3 b6 4. Nc3 Bb7 5. Bg5 h6 6. Bh4 g5 7. Bg3 Nh5 8. Be5 f6 {E12: Queen's Indian: Unusual White 4th moves, 4 a3, 4 Nc3 Bb7 5 a3 and 4 Nc3 Bb7 .} 9. Bg3 Bg7 {[#]} 10. Qc2 $146 {Qg6+ is the strong threat.} ({Predecessor:} 10. e3 O-O 11. Bd3 f5 12. O-O d6 13. Ne1 g4 14. f4 Nxg3 15. hxg3 h5 16. Nc2 {0-1 (57) Halli,G-Schlosser,P (2540) Badenweiler 1994}) 10... O-O {The position is equal.} 11. e3 Nxg3 (11... d6 {is more complex.} 12. d5 f5 13. O-O-O e5 14. Be2 Qe8) 12. hxg3 f5 13. Rh2 (13. O-O-O $14) 13... Nc6 14. O-O-O Nb4 15. Qb3 c5 16. Be2 Be4 {Hoping for ...Bc2.} 17. Ne1 a5 18. a3 {[#]} a4 $1 {[%mdl 512]} 19. Nxa4 Na2+ ({Better is} 19... Nc6 $1 $17) 20. Qxa2 $11 {aiming for Nc3.} Rxa4 21. Qb3 $36 {[%mdl 2048] White has some pressure.} Qa8 {Black wants to play ...b5!} 22. f3 (22. Qxb6 $2 cxd4 23. Rxd4 Rb8 $19) 22... Bc6 23. d5 $1 {[%cal Rd5c6]} (23. Qxb6 $2 cxd4 24. Qc5 Rb8 $19) 23... Bxd5 24. cxd5 c4 $1 {[%cal Rc4b3]} 25. Bxc4 Rxc4+ 26. Kb1 exd5 (26... b5 $14) 27. Nd3 (27. Nc2 $1 $16) 27... b5 $14 28. Nb4 d4 $1 29. exd4 d5 (29... Qa4 $14 30. Qxa4 bxa4) 30. Rhh1 $18 Qd8 (30... Qb7 $16 31. f4 gxf4) 31. Rhe1 Qd6 (31... Qd7 $16 32. Nd3 Qa7) 32. Qe3 Kh8 (32... g4 $16 33. Qe7 Qxg3) 33. Qe6 Qxg3 $2 (33... Qxe6 34. Rxe6 f4) 34. Nxd5 (34. Rh1 $142 Rf6 35. Qe8+ (35. Qxd5 Qxg2 36. Ka2 Kh7 $14) 35... Rf8 36. Qg6 (36. Qxb5 Qxg2 37. Qxd5 Rcc8 $16)) 34... Rd8 $2 {[#]} (34... Qxg2 35. Ne3 Qxf3) 35. Ne7 (35. Qg6 $142 $1 {White threatens Re7 and mate.} Rxd4 36. Re8+ Rxe8 37. Qxe8+ {[%mdl 64] Double Attack} Kh7 38. Ne7 $3 {[%mdl 512]} Qb8 39. Qxb8 Rxd1+ 40. Ka2 $1 {[%mdl 512]}) 35... Qxg2 (35... Qd6 $18 36. d5 b4 37. Nxf5 Qf8) 36. Ng6+ (36. Rh1 $142 Qc2+ 37. Ka2 Qxb2+ 38. Kxb2 Bxd4+ {[#]} 39. Rxd4 $1 {[%mdl 512]} Rc2+ 40. Kb1 $1 {[%mdl 512]} Rc1+ 41. Rxc1 Kg7 42. Rxd8 Kh7 43. Qg8#) 36... Kh7 {White must now prevent ...Qc2+.White is clearly winning.} 37. Qxf5 Qc2+ 38. Qxc2 Rxc2 39. Kxc2 Kxg6 40. d5 h5 41. d6 Bf6 42. d7 Kf7 43. Re2 {Weighted Error Value: White=0.46/Black=0.40} 1-0

[Event "XXVII RUS-chT Women 2020"]
[Site "Sochi"]
[Date "2020.11.27"]
[Round "8.19"]
[White "Sudakova, Irina"]
[Black "Dorokhina, Elizaveta"]
[Result "1-0"]
[WhiteElo "2288"]
[BlackElo "1824"]
[Annotator "TA"]
[PlyCount "45"]
[EventDate "2020.11.19"]
[EventType "team-tourn"]
[EventCountry "RUS"]
[SourceTitle "playchess.com"]
[Source "ChessBase"]
[SourceQuality "1"]

{[%evp 10,45,-12,-15,-8,-15,40,45,45,46,74,70,122,112,194,191,287,269,378,368,539,544,550,498,531,383,458,462,586,509,769,772,2451,2200,1588,1166,29997,29998]} 1. e4 e6 2. d4 d5 3. Bd3 dxe4 4. Bxe4 Nf6 5. Bf3 c5 6. Ne2 Nc6 {[%cal Rc5d4] C01: French: Exchange Variation.} 7. Be3 Nd5 (7... Be7 $11) 8. Bxd5 $14 Qxd5 {White is slightly better.} 9. Nbc3 $1 {[%cal Rc3d5,Bb1c3,Bc3b5,Bb5c7][%mdl 32]} Qxg2 10. Rg1 Qf3 (10... Qxh2 $14 11. Bf4 Qh4) 11. Nb5 $16 {Hoping for Nc7+.} cxd4 (11... Rb8 $16) 12. Nc7+ $18 {[%mdl 64] Double Attack, Zwischenzug} Ke7 (12... Kd8 $142 13. Nxa8 e5) 13. Bxd4 {[#] Bc5+ is the strong threat.} ({Less strong is} 13. Nxd4 Qxd1+ 14. Rxd1 Rb8 $16) 13... b6 $146 (13... f6 {was necessary.}) ({Predecessor:} 13... Nxd4 14. Qxd4 Rb8 15. O-O-O f5 16. Rxg7+ {1-0 (16) Yagupov,I (2405)-Houska,J (2203) Olomouc 2018}) 14. Nxa8 Ba6 (14... f6 $142 15. Nc7 Kf7) 15. Bc3 f6 16. Qd2 Kf7 17. Qe3 Bxe2 18. Qxe2 Qf4 19. Qg4 Qb8 (19... Qxg4 $142 20. Rxg4 b5) 20. O-O-O {[%cal Ba1d1,Bd1d7,Bd7e7][%mdl 32] Threatens to win with Rd7+.} Qxa8 21. Rd7+ Ne7 {[#]} 22. Bxf6 $1 {[%mdl 512] Intending Rxe7+! and mate.} Qc6 {[#]} (22... Kxf6 23. Qf4+) 23. Rxe7+ $1 {[%mdl 512] Black did not feel at home in the position after the opening.  Weighted Error Value: White=0.24/Black=0.95} 1-0

[Event "XXVII RUS-chT Women 2020"]
[Site "Sochi"]
[Date "2020.11.27"]
[Round "8.20"]
[White "Tinina, Kristina"]
[Black "Lukina, Aleksandra"]
[Result "0-1"]
[WhiteElo "1678"]
[BlackElo "2060"]
[Annotator "TA"]
[PlyCount "80"]
[EventDate "2020.11.19"]
[EventType "team-tourn"]
[EventCountry "RUS"]
[SourceTitle "playchess.com"]
[Source "ChessBase"]
[SourceQuality "1"]

{[%evp 9,80,-13,0,0,0,0,0,0,0,0,0,-22,-22,-12,36,-31,-53,-115,-62,-89,292,0,0,0,24,8,76,-121,-105,-108,-17,-134,-118,-142,-118,-135,-129,-102,-133,-262,-161,-329,-300,-379,-385,-431,-292,-447,-413,-529,-352,-366,-365,-364,-348,-774,-784,-765,-687,-955,-920,-1071,-1060,-29981,-29982,-29982,-29983,-29983,-29984,-29985,-29980,-29990,-29991]} 1. e4 e6 2. d4 d5 3. exd5 exd5 4. Nc3 Nf6 5. Bf4 c6 6. Bd3 {C01: French: Exchange Variation.} Qb6 7. Nge2 Qxb2 8. Rb1 {The position is equal.} Qa3 9. O-O Bb4 {[#]} 10. Rb3 $146 ({Predecessor:} 10. Re1 O-O 11. Qd2 Bd6 12. Rb3 Bxf4 13. Qxf4 Qe7 14. Reb1 b6 15. a4 Ba6 16. Bxa6 Nxa6 {0-1 (30) Gil,B-Ribeiro,J Spain 1995}) 10... Qa5 11. a3 Bxa3 12. Ng3 ({White should play} 12. Qe1 $1 $14 Bb4 13. Ng3+ Be6 14. Qb1 Bxc3 15. Rxc3 $1 {[%mdl 512]}) 12... O-O $15 13. Nb1 (13. Nf5 $15 Bxf5 14. Bxf5) 13... Bb4 (13... Be7 $17 14. Nf5 Bxf5 15. Bxf5 b5) 14. Nf5 {Strongly threatening c3.} Ne4 $2 {[%mdl 8192] [#]} (14... Re8 $17 {and life is bright.} 15. Bd6 Bxd6 16. Nxd6 Rd8 17. Nxb7 Bxb7 18. Rxb7 Nbd7) 15. Qg4 $2 (15. Nxg7 $1 $18 {[%mdl 512] Qh5 is the strong threat.} Kxg7 16. Qh5) 15... Bxf5 $11 16. Qxf5 g6 17. Qh3 {Black must now prevent Bxe4.} b5 (17... Bd6 $11 {keeps the balance.} 18. Bh6 Re8) 18. Bh6 $2 (18. Bxe4 $16 {is necessary to keep the advantage.} dxe4 19. f3) 18... Re8 $17 19. f4 {[#]} Be7 ({Better is} 19... Qb6 $1 $17 20. Bxe4 (20. Rxb4 Na6 $19) 20... Qxd4+ {[%mdl 64] Double Attack} 21. Kh1 dxe4) 20. Bxe4 (20. f5 $1 $11 {was the only way to keep the balance.}) 20... dxe4 21. f5 {[#]} Qd8 $1 22. Rg3 Qxd4+ 23. Be3 {[#]} Qe5 $1 24. fxg6 (24. Bf4 $17 {was necessary.} Qd5 25. fxg6 fxg6 26. Qh6 Bc5+ 27. Be3 Bxe3+ 28. Rxe3) 24... hxg6 {And now ...Na6 would win.} 25. Qh6 $2 (25. Nd2 {only move.}) 25... Qg7 $19 26. Qf4 Nd7 {[%cal Bb8d7,Bd7f6,Bf6e4][%mdl 32]} 27. Kh1 {If White can now play Bd4! this consolidates a bit.} Bc5 28. Bd2 (28. Nd2 $142) 28... Bd4 29. Rh3 Nf6 30. Qh4 e3 31. Qxd4 exd2 32. Rhf3 $2 (32. Qxd2 Ng4 33. Qf4) 32... Rad8 33. Qg1 Re6 34. R3f2 Ne4 35. Nxd2 Rxd2 36. Rxf7 Qxf7 {Black mates.} 37. Rxf7 Kxf7 38. Qxa7+ Kf6 39. Qa1+ Kf5 40. h3 Rd1+ {Weighted Error Value: White=0.95/Black=0.45} 0-1

[Event "XXVII RUS-chT Women 2020"]
[Site "Sochi"]
[Date "2020.11.27"]
[Round "8.21"]
[White "Goltseva, Ekaterina"]
[Black "Afonasieva, Anna"]
[Result "1-0"]
[WhiteElo "2306"]
[BlackElo "2316"]
[Annotator "TA"]
[PlyCount "135"]
[EventDate "2020.11.19"]
[EventType "team-tourn"]
[EventCountry "RUS"]
[SourceTitle "playchess.com"]
[Source "ChessBase"]
[SourceQuality "1"]

{[%evp 13,135,9,15,10,18,12,14,20,12,4,10,12,28,19,17,25,33,18,25,18,35,0,0,0,0,0,64,66,97,58,50,0,0,-25,39,61,51,27,35,39,14,0,0,0,0,0,332,307,430,431,360,343,385,375,359,393,382,388,382,370,281,188,184,187,200,148,276,97,101,0,248,166,169,161,160,153,182,184,208,210,237,222,235,225,235,229,228,229,239,239,223,215,226,213,201,198,335,335,335,323,547,552,583,558,562,561,875,827,731,644,1005,962,939,926,899,740,727,732,902,889,2524,2389,1829,1698]} 1. c4 c6 2. d4 d5 3. cxd5 cxd5 4. Bf4 Nc6 5. e3 Nf6 6. Nc3 Bf5 7. Qb3 $1 {7.Qb3 is better than 7.Nf3.} Na5 8. Qa4+ {D10: Slav Defence: 3 cxd5 (without early Nf3) and 3 Nc3.} Bd7 9. Qc2 {With the idea Nb5.} e6 10. Nf3 {The position is equal.} Rc8 11. Bd3 Bb4 12. O-O O-O 13. Ne5 h6 14. h3 Qe7 15. Rfc1 a6 16. Qe2 Rfd8 17. Bg3 {[#]} Be8 $146 ({Predecessor:} 17... Qe8 18. f3 Bd6 19. f4 b5 20. Be1 Nc4 21. b3 Na3 22. Bh4 Be7 23. Nd1 a5 24. g4 Nh7 25. Rxc8 Rxc8 26. Bxe7 Qxe7 27. Qb2 b4 28. Rc1 Nf8 29. Rxc8 {½-½ (29) Carter,M (2007)-Caliguire,J (2090) ICCF email 2015}) 18. Bh4 {Black must now prevent Ng4.} g5 19. Bg3 Nc6 (19... Bxc3 $11 20. Rxc3 Rxc3 21. bxc3 Rc8) 20. f4 $14 Nd7 21. Ng4 Qf8 $1 22. fxg5 (22. h4 {feels hotter.} h5 23. Ne5 g4 24. Nxc6 Rxc6 25. f5) 22... hxg5 23. h4 gxh4 (23... Be7 $1 $11) 24. Bxh4 Be7 25. Bxe7 Nxe7 26. e4 dxe4 $1 27. Qxe4 {[%csl Gd3][%cal Re4h7]} Qg7 $1 28. Rf1 $36 {[%mdl 2048] Black is under pressure.} Nf5 29. Nd5 {[%mdl 64] Rxf5 is the strong threat. Deflection} exd5 $2 {[%mdl 8192]} (29... Qxd4+ $6 30. Qxd4 Nxd4 31. Ne7+ Kg7 32. Nxc8 $16) (29... Nxd4 $11 30. Ngf6+ Nxf6 31. Nxf6+ {[%mdl 64] Discovered Attack} Kf8) 30. Qxf5 $18 Qxd4+ {[#]} (30... Rc6 {was necessary.} 31. Rae1 Nf8) 31. Rf2 $1 Qg7 (31... Kf8 32. Re1) 32. Re1 Rc6 {[#]} 33. Rxe8+ $1 {[%mdl 576] Remove Defender, Deflection, Decoy} Rxe8 34. Qxd7 {[%mdl 64] Double Attack} Re1+ 35. Kh2 Kf8 36. Qxd5 ({Not} 36. Qxb7 Rh6+ 37. Kg3 (37. Nxh6 $2 {is a self mate.} Qxh6+ 38. Kg3 Qg5+ 39. Kh3 Rh1#) 37... Re3+ 38. Rf3 Rxf3+ 39. gxf3 (39. Kxf3 Qd4 $18) 39... Qg5 $18) 36... Ree6 37. Bf5 Red6 38. Qf3 Qg5 39. Qg3 Rd1 (39... Qh5+ $16 {keeps fighting.} 40. Qh3 Qxh3+ 41. Kxh3 Rc7) 40. Qb8+ $2 (40. Qh3 $18 {is more deadly.}) 40... Rd8 $16 41. Qg3 ({Better is} 41. Qf4 $16 Qxf4+ 42. Rxf4) 41... Rdd6 $2 {White stays focused until the end.} (41... Rd1 $1 $11) 42. Ne5 Qxg3+ 43. Kxg3 Rc7 44. Bc2 f6 45. Ng4 Kg7 46. Ne3 {Threatens to win with Nf5+.} Rd8 47. Nf5+ Kf7 48. Bb3+ Kg6 49. Kf4 Rcd7 50. Bc2 Kf7 51. Rf3 {aiming for Bb3+.} Rd2 52. Bb3+ Ke8 53. Re3+ Kd7 54. g4 Kc8 (54... Re8 {was worth a try.} 55. Rh3 Ree2) 55. Re6 $18 Rf8 56. Nd6+ Kd7 $2 (56... Kb8 57. Ne4 Rxb2 58. Nxf6 Rf2+ 59. Ke5 Re2+ 60. Kf5 Rf2+ 61. Kg6 Rc8) 57. Ne4 {White is clearly winning.} Rxb2 58. Nxf6+ Kd8 59. g5 a5 60. g6 Rg2 61. Kf5 {Cut Off at move 61} b5 62. Bd5 Rg1 63. Rd6+ Kc8 64. Be6+ Kb8 65. Bf7 Rh8 66. Rd4 Rh2 67. Rg4 Rf2+ 68. Kg5 {Weighted Error Value: White=0.13/Black=0.31} 1-0

[Event "XXVII RUS-chT Women 2020"]
[Site "Sochi"]
[Date "2020.11.27"]
[Round "8.22"]
[White "Semenova, Elena"]
[Black "Vifleemskaia, Svetlana"]
[Result "1-0"]
[WhiteElo "2299"]
[BlackElo "1911"]
[Annotator "TA"]
[PlyCount "81"]
[EventDate "2020.11.19"]
[EventType "team-tourn"]
[EventCountry "RUS"]
[SourceTitle "playchess.com"]
[Source "ChessBase"]
[SourceQuality "1"]

{[%evp 9,81,13,20,18,21,17,23,14,14,14,19,11,41,28,38,29,38,29,41,39,77,54,63,53,63,64,69,67,97,114,151,151,163,102,98,98,107,91,105,99,133,126,288,296,499,503,498,502,593,581,589,584,616,616,716,710,6218,6270,5082,782,764,764,758,758,741,723,864,833,1003,935,1311,1281,1185,856]} 1. e4 e5 2. Nf3 Nf6 3. Nc3 Nc6 4. Bb5 Bd6 5. O-O a6 6. Bc4 {C48: Four Knights: 4 Bb5, replies other than 4...Bb4.} Bc5 7. d3 h6 8. Be3 {White has an edge.} d6 9. Nd5 O-O 10. a3 {[%cal Ba2a3,Ba3b4][%mdl 32]} Ng4 {[#]} 11. Bxc5 $146 ({Predecessor:} 11. Qe2 Nd4 12. Nxd4 Bxd4 13. c3 Nxe3 14. fxe3 Ba7 15. d4 c6 16. Nb4 a5 17. Nc2 d5 18. exd5 cxd5 {1-0 (27) Garcia Menendez,B (1666)-Gonzalez Morente,J (1493) Tres Cantos 2017}) 11... dxc5 12. b4 b5 13. Bb3 cxb4 14. Nxb4 Nxb4 15. axb4 Qd6 16. Qd2 (16. c4 {looks sharper.} bxc4 17. Bxc4 Nf6 18. h3 Rb8 19. Ra5) 16... Be6 17. Bxe6 Qxe6 18. Qc3 f5 19. Rfe1 fxe4 20. Rxe4 Rf4 21. h3 ({But not} 21. Qxc7 $6 Rxe4 22. Qb7 (22. dxe4 Rc8 $11) 22... Rxb4 $14) (21. Rxf4 $18 exf4 22. Qxc7) 21... Rxe4 $16 22. dxe4 Nf6 23. Qxc7 ({Resist} 23. Nxe5 Nxe4 24. Qd4 (24. Qxc7 Nxf2 25. c4 Rf8 $14) 24... Nf6 $14) 23... Rc8 24. Qb7 $36 {[%mdl 2048] White is really pushing.} Rc6 25. Nh4 {Black must now prevent Nf5.} Nxe4 $2 {This costs Black the game.} (25... Qc8 $16 {was worth a try.} 26. Qe7 Qc7) 26. Re1 $18 Nf6 $2 {[#]} (26... Nxf2 {keeps fighting.} 27. Kxf2 Rxc2+ 28. Kg1 Rc4) 27. Nf5 $1 {[%mdl 576] Deflection. White is clearly winning.} Qxf5 28. Qxc6 {[%mdl 4096] Endgame KQR-KQN} e4 29. Qxa6 Qd5 30. Qc8+ Kh7 31. Qc5 Qd7 32. Ra1 Qd2 33. Qf5+ Kg8 34. Qg6 (34. Ra8+ $142 Kf7 35. Ra7+ Kf8 36. Qc5+ Kg8 37. Qc8+ Kh7 38. Qf5+ {[%mdl 64] Double Attack} Kh8 39. Ra8+ Ng8 40. Qf7 Qd1+ 41. Kh2 Qd6+ 42. g3) 34... Qd5 35. Ra7 {[%csl Ga7][%cal Rg6g7]} Qd1+ 36. Kh2 {[%csl Ga7][%cal Rg6g7]} Qd6+ 37. Qg3 Qf8 38. Rb7 Kh7 39. Rxb5 Qe7 40. Qe5 Qd7 41. Qf5+ {Weighted Error Value: White=0.08/Black=0.29} 1-0

[Event "XXVII RUS-chT Women 2020"]
[Site "Sochi"]
[Date "2020.11.27"]
[Round "8.23"]
[White "Zavivaeva, Emilia"]
[Black "Vasilevich, Irina"]
[Result "0-1"]
[WhiteElo "1790"]
[BlackElo "2258"]
[Annotator "NA RC"]
[PlyCount "78"]
[EventDate "2020.11.19"]
[EventType "team-tourn"]
[EventCountry "RUS"]
[SourceTitle "playchess.com"]
[Source "ChessBase"]
[SourceQuality "1"]
[TimeControl "40/5400+30:1800+30"]

1. d4 {[%emt 0:00:12]} b6 {[%emt 0:03:13]} 2. Nf3 {[%emt 0:00:17]} Bb7 {[%emt 0:00:06]} 3. e3 {[%emt 0:00:10]} Nf6 {[%emt 0:04:36]} 4. Bd3 {[%emt 0:02:24]} d6 {[%emt 0:08:48]} 5. O-O {[%emt 0:01:11]} Nbd7 {[%emt 0:00:13]} 6. c4 {[%emt 0:06:20]} e5 {[%emt 0:02:18]} 7. Bc2 {[%emt 0:03:59]} Be7 {[%emt 0:03:23]} 8. Nc3 {[%emt 0:03:21]} O-O {[%emt 0:00:37]} 9. Qe2 {[%emt 0:08:13]} Re8 {[%emt 0:07:38]} 10. b3 {[%emt 0:07:47]} Nf8 {[%emt 0:18:47]} 11. Bb2 $14 {[%emt 0:08:27]} Ng6 {[%emt 0:16:12]} 12. Rad1 {[%emt 0:10:23]} Nd7 {[%emt 0:07:02]} 13. d5 {[%emt 0:07:26]} a6 {[%emt 0:02:10]} 14. a4 {[%emt 0:05:23]} a5 {[%emt 0:00:40]} 15. Nd2 {[%emt 0:00:55]} Bc8 {[%emt 0:02:37]} 16. f4 {[%emt 0:02:47]} exf4 {[%emt 0:02:28]} 17. exf4 {[%emt 0:00:33]} Bf6 {[%emt 0:01:52]} 18. Qh5 {[%emt 0:02:17]} Nc5 {[%emt 0:01:48]} 19. Rde1 {[%emt 0:05:13]} Bd7 {[%emt 0:00:42]} 20. Ba1 {[%emt 0:09:46]} Bd4+ {[%emt 0:07:28]} 21. Kh1 {[%emt 0:00:19]} Rxe1 {[%emt 0:02:29]} 22. Rxe1 {[%emt 0:00:04]} Qh4 {[%emt 0:00:08]} 23. Qxh4 {[%emt 0:04:56]} Nxh4 {[%emt 0:00:02]} 24. Bb2 {[%emt 0:04:07]} Kf8 {[%emt 0:00:50]} 25. g3 {[%emt 0:02:28]} Nf5 {[%emt 0:00:30]} 26. Nf3 {[%emt 0:01:15]} Bf6 {[%emt 0:01:24]} 27. Nd1 {[%emt 0:01:06]} Bxb2 {[%emt 0:01:01]} 28. Nxb2 {[%emt 0:00:02]} Re8 {[%emt 0:01:45]} 29. Rxe8+ {[%emt 0:00:45]} Kxe8 {[%emt 0:00:02]} 30. Nd1 {[%emt 0:00:31]} h5 {[%emt 0:02:34]} 31. Kg2 {[%emt 0:00:46]} Ke7 {[%emt 0:00:28]} 32. h3 {[%emt 0:00:21]} f6 {[%emt 0:01:02]} 33. Kf2 {[%emt 0:01:34]} Nh6 {[%emt 0:00:20]} 34. Kg2 {[%emt 0:00:22]} Bf5 {[%emt 0:00:34]} 35. Bxf5 {[%emt 0:01:17]} Nxf5 {[%emt 0:00:02]} 36. g4 {[%emt 0:00:12]} hxg4 {[%emt 0:00:03]} 37. hxg4 {[%emt 0:00:12]} Nh6 {[%emt 0:00:01]} 38. Ne3 {[%emt 0:01:00]} Nxb3 {[%emt 0:01:33]} 39. f5 Nf7 {[%emt 0:01:11]} 0-1